000 01044nas a2200337 4500
001 BR2015004767
003 BR-BrBNA
005 20231205125639.0
007 ta
008 230509b bl.|||p| |||| 00| 00por d
040 _aBR-BrBNA
_bpor
_cBiblioteca Nacional de Agricultura
041 _a(En)
072 _aL20
100 1 _aFurtado, D.A.
100 1 _aTota, L.D.C.A.
100 1 _aNascimento, J.W.B.
100 1 _aGuimarães, M.C. da C.
100 1 _aLopes Neto, J.P.
245 1 _aBroiler breeder hen performance and egg hatchability during rainy season in Brazilian semi-arid region
650 _aGALINHA
650 _aECLODIBILIDADE
650 _aAVICULTURA
650 _aBEM-ESTAR
650 _aINSTALACAO PARA ANIMAL
650 _aCONTROLE AMBIENTAL
650 _aRUIDO
773 0 _tEngenharia Agrícola (Brazil)
_xISSN 1809-4430
_g(May-Jun 2014), v. 34(3) p. 385-394
_wBR2015004767
856 4 0 _uhttp://www.scielo.br/pdf/eagri/v34n3/01.pdf
909 _a202311
_bLúcia
_c55
_dLúcia Elande
942 _2AGRIS
_n0
_cANA
999 _c245363
_d245363